000 00501nam a2200157Ia 4500
008 210210b1996 xxu||||| |||| 00| 0 eng d
020 _a81 7099 655 4
082 _a334.2 THIC
100 _aTHIRUNARAYANAN (R).
245 _aCooperative banking in India: with special reference to south arcot and kanpur central cooperative banks.
260 _aNew Delhi
_bMittal Publications
_c1996
300 _axvi,332
650 _aCooperation Cooperative Banking
690 _aCooperation
906 _a052279
999 _c100511
_d100511